Vállalati identitás átalakulóban a dohányipari cégek rebranding folyamata a Philip Morris International, az Altria Group Inc. és a British American Tobacco példáján

Bibliographic Details
Main Author: Simon Daniela
Other Authors: Horváth Anita
Szondi Dr. György
Format: Thesis
Kulcsszavak:arculattervezés
dohánytermék(ek)
identitás
szervezeti átalakulás
vállalati marketing
Online Access:http://dolgozattar.uni-bge.hu/59024

MARC

LEADER 00000nta a2200000 i 4500
001 dolg59024
005 20251027142817.0
008 251027suuuu hu om 000 hun d
040 |a BGE Dolgozattár Repozitórium  |b hun 
041 |a hu 
100 1 |a Simon Daniela 
245 1 0 |a Vállalati identitás átalakulóban  |b a dohányipari cégek rebranding folyamata a Philip Morris International, az Altria Group Inc. és a British American Tobacco példáján  |c Simon Daniela  |h [elektronikus dokumentum] 
520 3 |a A szakdolgozatom a vállalati identitás és rebranding stratégiák elemzését foglalja magában a dohányipar meghatározó szereplői – British American Tobacco, Altria Group, Philip Morris International - esettanulmányok alapján. A kutatás fényt derít a dohányipari nagyvállalatok stratégiai átalakulására, ami érinti a vizuális arculatot és a vállalati kommunikációt, valamint vizsgálja a rebranding kontextusát és kihívásait. Az esettanulmányi kutatási módszer rávilágít az identitásváltás motívációjára és indokára a vállalati narratívák elemzése által, emellett elemzi a stratégiai eszközöket, amelyeket a cégek alkalmaztak. Az eredmények alapján egyértelművé válik, hogy a dohányipari nagyvállalatok rebrandingjei a vizuális arculat frissítésén kívül teljesen újradefiniálták az identitásukat, hogy kikerüljék az iparággal kapcsolatos negatív asszociációkat. Jelentős erőfeszítéseket irányítanak arra, hogy egy modern, perspektív, felelős vállalat identitását alakítsák ki az érintetteik bizalma elnyerése érdekében. A szakdolgozati kutatás hozzájárul a rebranding folyamatok és a vállalati identitás elméleti és gyakorlati megértéséhez egy olyan szigorúan szabályozott iparág keretein belül, mint a dohányipar. 
695 |a arculattervezés 
695 |a dohánytermék(ek) 
695 |a identitás 
695 |a szervezeti átalakulás 
695 |a vállalati marketing 
700 1 |a Horváth Anita  |e ths 
700 1 |a Szondi Dr. György  |e ths 
856 4 0 |u http://dolgozattar.uni-bge.hu/59024/1/VALLALATI.IDENTITAS.ATALAKULOBAN.pdf  |z Dokumentum-elérés 
856 4 0 |u http://dolgozattar.uni-bge.hu/59024/2/SKM_C250i25052611480.pdf  |z Dokumentum-elérés 
856 4 0 |u http://dolgozattar.uni-bge.hu/59024/3/Simon_D_%20b%C3%ADr%C3%A1lat.pdf  |z Dokumentum-elérés